000 00507nam a22001817a 4500
003 NUST - PNEC
005 20170116180826.0
008 150713b xxu||||| |||| 00| 0 eng d
020 _a-
040 _cLIBRARY
082 _a515.15 AGN
100 _94371
_aAgnew, Ralph Palmer
245 _aCalculus: Analytic geometry and calculus, with vectors
_cRalph Palmer Agnew
260 _aNew York:
_bMcGraw-Hill,
_cc1963.
300 _a736 p. :
650 _94372
_aCalculus, Mathematics
_xME
942 _2ddc
_cBK
999 _c63884
_d63884